Amargo y cruel

保存先:
書誌詳細
団体著者: Grupo Parlamentario Británico de Derechos Humanos
フォーマット: テキスト
出版事項: San José: Polémica- separata
タグ: タグ追加
タグなし, このレコードへの初めてのタグを付けませんか!

MARC

LEADER 00000 a a2200000 04500
001 13981
003
040
090 |a EXTRAVIADO  
110 |a Grupo Parlamentario Británico de Derechos Humanos  
245 |a Amargo y cruel  
260 |a San José:   |b Polémica- separata  
300 |a 54 p.  
999 |c 5660  |d 5660